[Event "East Lansing (MI Op/5)"]
[Site "?"]
[Date "1982.??.??"]
[Round "?"]
[White "Gaba, H.."]
[Black "Smith, Ronald"]
[Result "0-1"]
[WhiteElo "1910"]
[BlackElo "1845"]
[PlyCount "152"]
[EventDate "1982.??.??"]

1. d4 Nf6 2. c4 d6 3. Nf3 g6 4. Nc3 Nbd7 5. e4 e5 6. Be2 Bg7 7. d5 a5 8. h3 O-O
9. O-O Nc5 10. Qc2 Nh5 11. Be3 Nf4 12. Bxf4 exf4 13. Na4 Nxa4 14. Qxa4 Bxb2 15.
Rab1 Bg7 16. Qc2 Qe7 17. Bd3 Be5 18. Nxe5 Qxe5 19. Qb2 f6 20. f3 b6 21. Rfe1
Qg5 22. Kf1 Bd7 23. Qf2 Rae8 24. Rb2 Qe5 25. Rbb1 g5 26. Qb2 Rf7 27. Qxe5 Rxe5
28. Kf2 h5 29. g4 fxg3+ 30. Kxg3 h4+ 31. Kh2 f5 32. Rg1 f4 33. Rb2 Kg7 34. Rd2
Kf6 35. Rb1 Re8 36. Rg1 Rg7 37. Be2 Ke5 38. Rdd1 Rb8 39. Rd2 Ba4 40. Rb1 Rgg8
41. Bd1 Bxd1 42. Rdxd1 a4 43. a3 Ra8 44. Rb4 Ra5 45. Kg2 Rc8 46. Kf2 c6 47. Rg1
Kf6 48. Rxb6 Rc5 49. Rc1 Ke5 50. Rb4 cxd5 51. exd5 Kf5 52. Rxa4 Rxd5 53. cxd5
Rxc1 54. Ra8 Rc2+ 55. Kg1 Rd2 56. a4 Rxd5 57. a5 Ke5 58. a6 Kd4 59. Rd8 Ra5 60.
Rxd6+ Ke3 61. Rb6 Kxf3 62. Rb3+ Ke4 63. Rb4+ Kf5 64. Rb6 Ra2 65. Rb5+ Kg6 66.
Rb6+ Kh5 67. Rf6 Ra3 68. Kg2 Rg3+ 69. Kf2 Rxh3 70. a7 Ra3 71. Rf7 Kg4 72. Rb7
Ra2+ 73. Ke1 Kg3 74. Kd1 g4 75. Kc1 h3 76. Kb1 h2 0-1

[Event "East Lansing (MI Op/7)"]
[Site "?"]
[Date "1982.??.??"]
[Round "?"]
[White "Gaba, H.."]
[Black "King, H.."]
[Result "0-1"]
[WhiteElo "1910"]
[BlackElo "1685"]
[PlyCount "120"]
[EventDate "1982.??.??"]

1. c4 Nf6 2. d4 e6 3. Nf3 d5 4. e3 c5 5. Nc3 cxd4 6. Nxd4 Bb4 7. Be2 Ne4 8. Qb3
Qa5 9. O-O Nxc3 10. bxc3 Bxc3 11. Rb1 Bxd4 12. exd4 dxc4 13. Bxc4 O-O 14. Qg3
Qh5 15. Re1 Qg6 16. Qb3 Nc6 17. Bd3 Nxd4 18. Bxg6 Nxb3 19. Bxh7+ Kxh7 20. Rxb3
b6 21. Be3 Bb7 22. Rb2 Bc6 23. h3 Rfd8 24. Bg5 Rd5 25. Be3 Rad8 26. Kh2 R8d7
27. Rc1 Bb7 28. Rbc2 e5 29. f3 Rd3 30. Rc3 e4 31. f4 Bd5 32. a3 Be6 33. Bf2
Rxc3 34. Rxc3 Rd3 35. Be1 Rxc3 36. Bxc3 f5 37. Kg3 Bc4 38. Kf2 Kg6 39. g3 Kf7
40. Ke3 g6 41. Kd4 Bf1 42. h4 Ke6 43. Bd2 Be2 44. Bb4 Bb5 45. Be1 a5 46. Bd2
Be2 47. Ke3 Bd1 48. Kd4 Kd6 49. Be3 Kc6 50. Bc1 Kb5 51. Kc3 Ka4 52. Kd2 Bg4 53.
Kc3 b5 54. Kb2 b4 55. axb4 axb4 56. Kc2 Kb5 57. Kd2 Kc4 58. Kc2 Bh5 59. Bb2 e3
60. Be5 e2 0-1

[Event "East Lansing (MI Op/1)"]
[Site "?"]
[Date "1982.??.??"]
[Round "?"]
[White "Gaba, H.."]
[Black "Czuhai, Kevin"]
[Result "0-1"]
[WhiteElo "1910"]
[BlackElo "2225"]
[PlyCount "104"]
[EventDate "1982.??.??"]

1. c4 g6 2. Nc3 Bg7 3. Nf3 e5 4. e4 Ne7 5. d4 exd4 6. Nxd4 Nbc6 7. Be3 O-O 8.
Be2 d6 9. O-O f5 10. exf5 Nxf5 11. Nxc6 Nxe3 12. Nxd8 Nxd1 13. Raxd1 Rxd8 14.
Nd5 c6 15. Ne7+ Kf8 16. Nxc8 Raxc8 17. b3 Re8 18. Bf3 Rcd8 19. Rfe1 Bc3 20.
Rxe8+ Rxe8 21. Kf1 Bb4 22. g3 Re5 23. a4 Ke7 24. Be2 Kd7 25. f4 Re3 26. Rd3 Re7
27. h3 Kc7 28. g4 Rf7 29. Rf3 Bd2 30. f5 gxf5 31. gxf5 Kb6 32. Bd3 Kc5 33. Ke2
Bc3 34. Bc2 Be5 35. Kd3 Kb4 36. Ke4 Re7 37. Kd3 a6 38. Bd1 b5 39. Bc2 bxc4+ 40.
bxc4 Bf6 41. Rf1 Rg7 42. Rf3 Rg2 43. Bd1 Ra2 44. Ke4 Kc5 45. Rd3 Rf2 46. Bg4
Rc2 47. Ra3 Kxc4 48. Re3 Kb4 49. Be2 a5 50. Bg4 Rc4+ 51. Kd3 Rc3+ 52. Ke2 Rxe3+
0-1

[Event "East Lansing (MI Op/7)"]
[Site "?"]
[Date "1982.??.??"]
[Round "?"]
[White "Fricko, F.."]
[Black "Rogan, M.."]
[Result "1-0"]
[WhiteElo "1965"]
[BlackElo "2065"]
[PlyCount "81"]
[EventDate "1982.??.??"]

1. Nf3 d5 2. d4 Nf6 3. g3 e6 4. Bg2 Nbd7 5. Nbd2 c5 6. c4 b6 7. cxd5 exd5 8.
O-O Bd6 9. b3 O-O 10. Bb2 Re8 11. dxc5 bxc5 12. e3 Ba6 13. Re1 Rc8 14. Nb1 Bb7
15. Nc3 Nb6 16. Nh4 Qd7 17. Nf3 Ne4 18. Nxe4 dxe4 19. Nd2 c4 20. bxc4 Bb4 21.
Re2 Na4 22. Bd4 Bc3 23. Rc1 Bxd4 24. exd4 Nb2 25. Qb3 Nd3 26. Rb1 Qg4 27. Re3
Qf5 28. Rxd3 exd3 29. Bxb7 Re2 30. Nf3 Rb8 31. Rf1 d2 32. c5 Re7 33. c6 Qa5 34.
Qc2 Qc7 35. Qxd2 Rbe8 36. d5 Qd6 37. Qa5 h6 38. Rc1 Re2 39. c7 Qf6 40. d6 Qb2
41. c8=Q 1-0

[Event "East Lansing (MI Op/5)"]
[Site "?"]
[Date "1982.??.??"]
[Round "?"]
[White "Fricko, F.."]
[Black "Fischvogt, Eric"]
[Result "1/2-1/2"]
[WhiteElo "1965"]
[BlackElo "2060"]
[PlyCount "120"]
[EventDate "1982.??.??"]

1. Nf3 Nf6 2. g3 b6 3. b3 Bb7 4. Bb2 e6 5. Bg2 Be7 6. d4 O-O 7. c4 c5 8. O-O
Qc7 9. Nbd2 cxd4 10. Nxd4 Bxg2 11. Kxg2 a6 12. e3 Nc6 13. Qf3 Ne5 14. Qe2 Rfc8
15. f4 Nc6 16. Qf3 b5 17. Rfc1 Rab8 18. Ne4 Nxe4 19. Qxe4 f5 20. Qd3 Qb7 21.
Nxc6 Rxc6 22. Kf2 bxc4 23. Rxc4 Rxc4 24. Qxc4 Rc8 25. Qd3 Kf7 26. Rd1 Qb5 27.
Ke2 Qc6 28. Kf2 Qc2+ 29. Qe2 d5 30. Rd2 Qc6 31. Qd3 Bb4 32. Re2 a5 33. Qd4 Bc3
34. Bxc3 Qxc3 35. Qxc3 Rxc3 36. Ke1 Ke7 37. Kd2 Rc6 38. Kd3 Rc1 39. Rc2 Rd1+
40. Rd2 Ra1 41. Re2 Kd6 42. Kc3 e5 43. Kb2 Rd1 44. Kc2 Rh1 45. a3 e4 46. b4
axb4 47. axb4 d4 48. exd4 Kd5 49. Rd2 e3 50. Rd1 Rxh2+ 51. Kd3 Rd2+ 52. Rxd2
exd2 53. Kxd2 Kxd4 54. b5 Kc5 55. Ke3 Kxb5 56. Kd4 g6 57. Ke5 Kc5 58. Kf6 Kd5
59. Kg7 Ke6 60. Kxh7 Kf7 1/2-1/2

[Event "East Lansing (MI Op/3)"]
[Site "?"]
[Date "1982.??.??"]
[Round "?"]
[White "Fricko, F.."]
[Black "Brooks, John"]
[Result "0-1"]
[WhiteElo "1965"]
[BlackElo "2090"]
[PlyCount "96"]
[EventDate "1982.??.??"]

1. Nf3 Nf6 2. g3 c5 3. Bg2 d5 4. d4 Nc6 5. O-O Bg4 6. e3 Bxf3 7. Bxf3 cxd4 8.
exd4 Qb6 9. c3 e6 10. a3 Be7 11. Nd2 a5 12. b3 h5 13. Bb2 h4 14. Rc1 g5 15. Qe2
Rd8 16. Rc2 Bd6 17. Bg4 Nxg4 18. Qxg4 Be7 19. f4 f5 20. Qf3 g4 21. Qf2 Kf7 22.
Kg2 hxg3 23. hxg3 Rh3 24. Rcc1 Rdh8 25. Rh1 Qd8 26. Rxh3 Rxh3 27. Rh1 Rxh1 28.
Kxh1 Qf8 29. Nb1 Na7 30. Qe2 Nc8 31. Kg1 Nd6 32. Nd2 Qc8 33. Qd3 b5 34. Kf2 Qh8
35. Qf1 b4 36. cxb4 axb4 37. a4 Qc8 38. Qc1 Qxc1 39. Bxc1 Ke8 40. Ke2 Kd7 41.
Kd3 Kc6 42. Bb2 Ne4 43. Nxe4 dxe4+ 44. Kc4 Bh4 45. gxh4 g3 46. a5 g2 47. a6
g1=Q 48. a7 Qf1+ 0-1

[Event "East Lansing (MI Op/4)"]
[Site "?"]
[Date "1982.??.??"]
[Round "?"]
[White "Fischvogt, Eric"]
[Black "Czuhai, Kevin"]
[Result "0-1"]
[WhiteElo "2060"]
[BlackElo "2225"]
[PlyCount "116"]
[EventDate "1982.??.??"]

1. d4 Nf6 2. c4 c5 3. Nf3 g6 4. Nc3 cxd4 5. Nxd4 Bg7 6. g3 O-O 7. Bg2 Nc6 8.
O-O a6 9. Bg5 h6 10. Be3 Ng4 11. Nxc6 dxc6 12. Bd2 Be6 13. b3 Qc7 14. Rc1 Rad8
15. Qe1 Nf6 16. Na4 Qe5 17. Bf4 Qh5 18. f3 g5 19. Be3 g4 20. Qf2 Ne8 21. Nc5
Bc8 22. Rcd1 Rxd1 23. Rxd1 Nd6 24. Nd3 Qa5 25. Bd4 Nf5 26. Bxg7 Nxg7 27. fxg4
Qxa2 28. Ne5 Qxb3 29. Rf1 f5 30. Ng6 Re8 31. Qf4 Kh7 32. gxf5 Bxf5 33. Nh4 e5
34. Qf2 Be6 35. Be4+ Kg8 36. Ng6 Qa3 37. c5 Nh5 38. Ne7+ Kg7 39. Ng6 Qb4 40.
Qe3 Qd4 41. Qxd4 exd4 42. Nh4 Nf6 43. Bf5 Bc4 44. Bd3 Bxd3 45. exd3 Nd7 46.
Nf5+ Kh8 47. Nd6 Rb8 48. Rf5 a5 49. Ne4 Rf8 50. Rh5 Kg7 51. Nd6 a4 52. Nc4 Rf3
53. Ne5 Nxe5 54. Rxe5 Kf6 55. Re8 Rxd3 56. Ra8 a3 57. Ra7 Ke5 58. Rxb7 Rd1+ 0-1

[Event "East Lansing (MI Op/4)"]
[Site "?"]
[Date "1982.??.??"]
[Round "?"]
[White "Finegold, Ron"]
[Black "Small, L.."]
[Result "1-0"]
[WhiteElo "2185"]
[BlackElo "1805"]
[PlyCount "73"]
[EventDate "1982.??.??"]

1. c4 Nf6 2. Nc3 e6 3. e3 c5 4. d4 cxd4 5. exd4 d6 6. g3 Be7 7. Bg2 Qc7 8. Qd3
a6 9. Nge2 Nc6 10. b3 O-O 11. O-O Ne8 12. Be3 Rb8 13. Rfc1 Bd7 14. Nd5 Qd8 15.
Nxe7+ Qxe7 16. Nc3 f5 17. Re1 Qf6 18. Qd2 Ne7 19. Nd5 Nxd5 20. cxd5 h6 21. dxe6
Bxe6 22. Rac1 Qf7 23. Qa5 Kh7 24. d5 Bd7 25. Rc2 g5 26. Bd4 Ng7 27. Qb6 Rfe8
28. Rec1 Re7 29. Qxd6 Rbe8 30. Qb4 f4 31. d6 Re2 32. Rc7 Ne6 33. Bd5 fxg3 34.
hxg3 Kg8 35. Qc4 Rd2 36. Re1 Rf8 37. Rxe6 1-0

[Event "Southfield (MEX/3)"]
[Site "?"]
[Date "1982.??.??"]
[Round "?"]
[White "Finegold, Ron"]
[Black "Ross, D.."]
[Result "1/2-1/2"]
[WhiteElo "2185"]
[BlackElo "2090"]
[PlyCount "65"]
[EventDate "1982.??.??"]

1. Nf3 Nf6 2. g3 b5 3. Bg2 Bb7 4. d3 e6 5. e4 d6 6. O-O Nbd7 7. Nbd2 Be7 8. Nd4
c6 9. Qe2 O-O 10. c3 Re8 11. h3 Bf8 12. Kh2 e5 13. Nf5 g6 14. Ne3 Bg7 15. Re1
Qc8 16. Ndf1 Nb6 17. Ng4 Nxg4+ 18. hxg4 d5 19. exd5 cxd5 20. d4 Qd7 21. dxe5
Rxe5 22. Be3 Rae8 23. Red1 Nc4 24. a4 Nxe3 25. Nxe3 bxa4 26. Qf3 Qb5 27. c4 Qb3
28. Nxd5 Qxc4 29. Rac1 Qb5 30. Rc7 Bxd5 31. Rxd5 Qxd5 32. Qxd5 Rxd5 33. Bxd5
1/2-1/2

[Event "Southfield (MEX/2)"]
[Site "?"]
[Date "1982.??.??"]
[Round "?"]
[White "Finegold, Ron"]
[Black "Gabbara, Faris"]
[Result "1/2-1/2"]
[WhiteElo "2185"]
[BlackElo "2075"]
[PlyCount "141"]
[EventDate "1982.??.??"]

1. Nf3 Nf6 2. g3 g6 3. Bg2 Bg7 4. c4 O-O 5. Nc3 d5 6. cxd5 Nxd5 7. O-O Nc6 8.
d4 Nxc3 9. bxc3 Bg4 10. Rb1 Rb8 11. Qa4 Qd7 12. Rd1 Bf5 13. Rb2 b5 14. Qa3 a5
15. Qc5 b4 16. cxb4 axb4 17. Rbd2 Qd6 18. Nh4 Bd7 19. Bb2 Bh6 20. Rc2 Rb6 21.
d5 Nb8 22. Qd4 f6 23. Rc5 Bb5 24. e3 Na6 25. Rcc1 Bd7 26. Qc4 Rc8 27. Bd4 Bb5
28. Qb3 Rb7 29. Bf1 Bxf1 30. Rc6 Qd7 31. Rxf1 Nb8 32. Rfc1 Kf8 33. R6c5 Rd8 34.
Qc4 Qd6 35. Ng2 Rd7 36. Ne1 Qa6 37. Nd3 Qxc4 38. R1xc4 b3 39. axb3 Rxb3 40. Nf4
Bxf4 41. gxf4 Rb7 42. Ra4 Ke8 43. Ra8 Rd8 44. Rca5 Nd7 45. Kg2 Rxa8 46. Rxa8+
Rb8 47. Ra7 Kd8 48. Kf3 Kc8 49. h4 Rb5 50. e4 f5 51. exf5 gxf5 52. Ra8+ Rb8 53.
Ra6 Rb3+ 54. Be3 Nb6 55. Kg2 Nxd5 56. Rh6 Nxe3+ 57. fxe3 Rxe3 58. Rxh7 Kd7 59.
h5 Ke6 60. h6 Ra3 61. Rh8 Kf7 62. Re8 Ra2+ 63. Kg1 Kg6 64. Rxe7 Kxh6 65. Rxc7
Ra4 66. Kg2 Rxf4 67. Kg3 Ra4 68. Rc8 Kg5 69. Rg8+ Kf6 70. Rf8+ Ke5 71. Re8+
1/2-1/2

[Event "East Lansing (MI Op/1)"]
[Site "?"]
[Date "1982.??.??"]
[Round "?"]
[White "Finegold, Ron"]
[Black "Fricko, F.."]
[Result "0-1"]
[WhiteElo "2185"]
[BlackElo "1965"]
[PlyCount "190"]
[EventDate "1982.??.??"]

1. c4 e5 2. Nc3 Nc6 3. a3 f5 4. b4 a6 5. e3 g6 6. Bb2 Bg7 7. Qb3 Nge7 8. h4 d6
9. Nd5 Nxd5 10. cxd5 Ne7 11. h5 g5 12. h6 Bf6 13. f4 Ng6 14. fxg5 Bxg5 15. Nf3
Bf6 16. Be2 Nh4 17. O-O-O Rg8 18. Nxh4 Bxh4 19. Bh5+ Kd7 20. e4 Bf6 21. Qh3 Ke7
22. exf5 Qd7 23. g4 a5 24. d4 axb4 25. dxe5 dxe5 26. Qb3 Qd6 27. Qxb4 Bd7 28.
Rde1 Qxb4 29. axb4 Kd6 30. Re4 Kxd5 31. Rhe1 Kd6 32. Bf7 Rg5 33. Bxe5+ Bxe5 34.
Rxe5 Ra1+ 35. Kb2 Rxe1 36. Rxe1 Rxg4 37. Be6 Bxe6 38. Rxe6+ Kd7 39. Rf6 Ke7 40.
Re6+ Kf7 41. Kc3 Rg5 42. Re5 c6 43. b5 Rh5 44. b6 Rxh6 45. Ra5 Rd6 46. Ra8 Rd7
47. Rc8 Kf6 48. Rf8+ Ke5 49. Kc4 Rd4+ 50. Kc3 Rd7 51. Kc4 h5 52. Rh8 Kxf5 53.
Rxh5+ Kg6 54. Rh8 Kf6 55. Rh6+ Kg7 56. Rh5 Rd1 57. Re5 Kf6 58. Rh5 Rb1 59. Rh7
Rxb6 60. Kc5 Rb5+ 61. Kc4 Ke6 62. Rg7 Kd6 63. Rh7 Rc5+ 64. Kd4 Rd5+ 65. Kc4 b5+
66. Kb4 Rd4+ 67. Kc3 Kc5 68. Rh5+ Rd5 69. Rh4 Rd1 70. Rh5+ Kb6 71. Rh8 Rc1+ 72.
Kb3 Rc4 73. Rg8 c5 74. Rb8+ Kc6 75. Rc8+ Kd5 76. Rd8+ Kc6 77. Rc8+ Kb7 78. Rh8
Rd4 79. Rh6 Kc7 80. Rh7+ Kc6 81. Rh6+ Rd6 82. Rh8 Rd3+ 83. Kc2 c4 84. Rh5 Rb3
85. Rg5 Kb6 86. Rh5 Ka5 87. Rh8 Kb4 88. Rh5 Rf3 89. Kb1 Rf2 90. Ka1 Ka4 91. Rh3
b4 92. Kb1 c3 93. Rg3 Kb3 94. Rg1 Rd2 95. Rf1 c2+ 0-1

[Event "Southfield (MEX/6)"]
[Site "?"]
[Date "1982.??.??"]
[Round "?"]
[White "Finegold, Ron"]
[Black "Byer, L.."]
[Result "1/2-1/2"]
[WhiteElo "2185"]
[BlackElo "2180"]
[PlyCount "80"]
[EventDate "1982.??.??"]

1. c4 Nc6 2. Nc3 e5 3. g3 g6 4. Bg2 Bg7 5. e4 Nge7 6. Nge2 O-O 7. d3 d6 8. h4
h6 9. h5 g5 10. f4 gxf4 11. gxf4 f5 12. Be3 fxe4 13. dxe4 exf4 14. Nxf4 Ne5 15.
O-O Bg4 16. Qb3 Kh7 17. c5 Qd7 18. Ncd5 b6 19. cxd6 Qxd6 20. Nxe7 Qxe7 21. Rf2
Rad8 22. Rc1 c5 23. Nd5 Qh4 24. Rcf1 Bxh5 25. Bf4 Ng4 26. Bg3 Qg5 27. Rxf8 Rxf8
28. Rxf8 Bxf8 29. Nf4 Bg7 30. Nxh5 Bd4+ 31. Kf1 Qxh5 32. Bf3 Qh3+ 33. Ke2 Ne5
34. Bxe5 Bxe5 35. Qf7+ Bg7 36. e5 Qh2+ 37. Kd3 c4+ 38. Kxc4 Qxe5 39. Bd5 a6 40.
Qg8+ Kg6 1/2-1/2

[Event "East Lansing (MI Op/5)"]
[Site "?"]
[Date "1982.??.??"]
[Round "?"]
[White "Finegold, Ron"]
[Black "Beydoun, N.."]
[Result "1-0"]
[WhiteElo "2185"]
[BlackElo "1905"]
[PlyCount "79"]
[EventDate "1982.??.??"]

1. c4 Nf6 2. Nc3 e6 3. g3 d5 4. cxd5 exd5 5. d4 c6 6. Bg2 Bd6 7. Nf3 Bf5 8. Nh4
Qc8 9. O-O O-O 10. Qb3 Be6 11. f4 Bg4 12. f5 Re8 13. Qc2 Qc7 14. Bf4 Nh5 15.
Nxd5 Qd7 16. Bxd6 Qxd6 17. Nf4 Qxd4+ 18. Kh1 Qe3 19. Nxh5 Bxh5 20. Rae1 Nd7 21.
Bf3 Bxf3+ 22. Rxf3 Qe4 23. Qxe4 Rxe4 24. Rf4 Rxf4 25. gxf4 Re8 26. Kg2 f6 27.
Kf3 Nc5 28. Rd1 Re7 29. Rd4 Rd7 30. Rxd7 Nxd7 31. Ke3 Kf7 32. Kd4 Ke7 33. Ng2
Kd6 34. Ne3 c5+ 35. Ke4 b5 36. b3 g6 37. a4 a6 38. fxg6 hxg6 39. f5 gxf5+ 40.
Kxf5 1-0

[Event "Southfield (MEX/6)"]
[Site "?"]
[Date "1982.??.??"]
[Round "?"]
[White "Finegold, Ben"]
[Black "Riggins, D.."]
[Result "1/2-1/2"]
[WhiteElo "2065"]
[BlackElo "2110"]
[PlyCount "39"]
[EventDate "1982.??.??"]

1. Nf3 Nf6 2. c4 g6 3. Nc3 Bg7 4. g3 O-O 5. Bg2 c5 6. O-O Nc6 7. d4 d6 8. dxc5
dxc5 9. Be3 Qa5 10. Qb3 Qb4 11. Qxb4 cxb4 12. Nb5 Bd7 13. Rac1 Ng4 14. Rfd1 Bf5
15. Nfd4 Nxe3 16. fxe3 Bh6 17. Nxf5 gxf5 18. Kf2 a5 19. Bxc6 bxc6 20. Nd4
1/2-1/2

[Event "East Lansing (MI Op/1)"]
[Site "?"]
[Date "1982.??.??"]
[Round "?"]
[White "Finegold, Ben"]
[Black "Gendloff, E.."]
[Result "1-0"]
[WhiteElo "2020"]
[BlackElo "1800"]
[PlyCount "65"]
[EventDate "1982.??.??"]

1. c4 e5 2. Nc3 Nc6 3. Nf3 g6 4. e3 Bg7 5. d4 exd4 6. exd4 Nge7 7. d5 Ne5 8.
Nxe5 Bxe5 9. Bd3 d6 10. Bg5 O-O 11. h4 f6 12. Bh6 Re8 13. O-O Bf5 14. Be2 Kf7
15. g4 Bxc3 16. bxc3 Bd7 17. c5 dxc5 18. Bc4 Ng8 19. Bf4 Re4 20. Bxc7 Qc8 21.
Qd3 Rxg4+ 22. Bg3 Kg7 23. Rae1 Bf5 24. Qe2 Re4 25. Qxe4 Bxe4 26. Rxe4 Qd7 27.
d6 Re8 28. Rxe8 Qxe8 29. Rd1 Qa4 30. Be2 Ne7 31. dxe7 Kf7 32. Re1 Qd7 33. e8=B+
1-0

[Event "Southfield (MEX/2)"]
[Site "?"]
[Date "1982.??.??"]
[Round "?"]
[White "Finegold, Ben"]
[Black "Gajic, Z.."]
[Result "0-1"]
[WhiteElo "2065"]
[BlackElo "2320"]
[PlyCount "38"]
[EventDate "1982.??.??"]

1. Nf3 d5 2. g3 Nf6 3. Bg2 Bg4 4. c4 Bxf3 5. Bxf3 c6 6. cxd5 cxd5 7. Nc3 Qd7 8.
d4 e6 9. O-O Nc6 10. Bf4 Be7 11. Rc1 h5 12. Nb5 Rc8 13. a3 Ne4 14. Bxe4 dxe4
15. Be3 h4 16. Qc2 Qd5 17. Bf4 Qxb5 18. b4 Rd8 19. a4 Qf5 0-1

[Event "East Lansing (MI Op/7)"]
[Site "?"]
[Date "1982.??.??"]
[Round "?"]
[White "Finegold, Ben"]
[Black "Daniel, Aaron"]
[Result "1/2-1/2"]
[WhiteElo "2020"]
[BlackElo "2120"]
[PlyCount "33"]
[EventDate "1982.??.??"]

1. Nf3 Nf6 2. g3 d5 3. Bg2 g6 4. d3 Bg7 5. O-O O-O 6. Nbd2 c5 7. e4 Nc6 8. c3
Qc7 9. Qc2 Bg4 10. h3 Bd7 11. Re1 dxe4 12. dxe4 e5 13. Nc4 a6 14. Ne3 Be6 15.
b3 Rad8 16. Bb2 b6 17. Rad1 1/2-1/2

[Event "East Lansing (MI Op/3)"]
[Site "?"]
[Date "1982.??.??"]
[Round "?"]
[White "Finegold, Ben"]
[Black "Cooper, T.."]
[Result "0-1"]
[WhiteElo "2020"]
[BlackElo "2100"]
[PlyCount "52"]
[EventDate "1982.??.??"]

1. c4 c5 2. Nc3 Nc6 3. g3 g6 4. Bg2 Bg7 5. Nf3 e6 6. d3 Nge7 7. O-O O-O 8. Rb1
d5 9. cxd5 exd5 10. Bd2 b6 11. a3 d4 12. Na4 Bf5 13. Qc2 Rc8 14. Rfc1 Qd7 15.
b3 Rfe8 16. Ng5 h6 17. Ne4 Nd5 18. Qd1 Bg4 19. h3 Bxh3 20. Bxh3 Qxh3 21. Qf1
Qe6 22. Bf4 Nxf4 23. gxf4 Qg4+ 24. Qg2 Qxf4 25. b4 cxb4 26. axb4 Nxb4 0-1

[Event "Southfield (MEX/3)"]
[Site "?"]
[Date "1982.??.??"]
[Round "?"]
[White "Finegold, Ben"]
[Black "Beider, Andrew"]
[Result "1/2-1/2"]
[WhiteElo "2065"]
[BlackElo "2120"]
[PlyCount "102"]
[EventDate "1982.??.??"]

1. Nf3 Nf6 2. g3 d5 3. Bg2 c5 4. O-O Nc6 5. d4 cxd4 6. Nxd4 e5 7. Nxc6 bxc6 8.
c4 Be6 9. Nc3 Be7 10. Bg5 e4 11. Qa4 Qd7 12. Rfd1 Bf5 13. cxd5 cxd5 14. Qxd7+
Bxd7 15. Bxf6 Bxf6 16. Nxd5 Bxb2 17. Nc7+ Ke7 18. Rab1 Rab8 19. Bxe4 h5 20.
Nd5+ Ke6 21. Bg2 g5 22. Rd2 Be5 23. Rb4 Rxb4 24. Nxb4 Bc3 25. Rxd7 Kxd7 26. Nd5
Bg7 27. a4 Rb8 28. Be4 Rb2 29. Bd3 Kd6 30. Ne3 Kc5 31. Kg2 Ra2 32. Bb5 Be5 33.
Kf3 f6 34. Nf5 Kb4 35. Ne7 Rxa4 36. Bxa4 Kxa4 37. Nc6 a5 38. Ke4 Bb2 39. f4 Kb5
40. Nxa5 Kxa5 41. fxg5 fxg5 42. Kf5 Bc1 43. e4 Kb6 44. e5 Kc7 45. h4 g4 46. Kg6
Bf4 47. e6 Bd6 48. e7 Kd7 49. Kxh5 Bxg3 50. Kxg4 Be1 51. e8=B+ Kxe8 1/2-1/2

[Event "Southfield (MEX/5)"]
[Site "?"]
[Date "1982.??.??"]
[Round "?"]
[White "Finegold, Ben"]
[Black "Barth, J.."]
[Result "0-1"]
[WhiteElo "2065"]
[BlackElo "2390"]
[PlyCount "60"]
[EventDate "1982.??.??"]

1. e4 c5 2. Ne2 d6 3. g3 Nc6 4. Bg2 g6 5. d3 Bg7 6. O-O e5 7. c3 Nge7 8. Be3
O-O 9. Nd2 b6 10. f4 exf4 11. gxf4 d5 12. e5 Nf5 13. Bf2 Be6 14. Nf3 Bh6 15. h4
f6 16. d4 fxe5 17. dxc5 e4 18. Ng5 Bxg5 19. hxg5 e3 20. Be1 bxc5 21. c4 Ncd4
22. Bc3 Nxe2+ 23. Qxe2 d4 24. Be1 d3 25. Qf3 d2 26. Rd1 dxe1=Q 27. Rfxe1 Qe7
28. Qxa8 Rxa8 29. Bxa8 Bxc4 30. Bc6 Nd4 0-1

[Event "Southfield (MEX/5)"]
[Site "?"]
[Date "1982.??.??"]
[Round "?"]
[White "Everett, Morgan"]
[Black "Laren, Philip"]
[Result "1-0"]
[WhiteElo "2050"]
[BlackElo "2085"]
[PlyCount "81"]
[EventDate "1982.??.??"]

1. e4 e6 2. d3 d5 3. Nd2 c5 4. Ngf3 Nf6 5. g3 Be7 6. Bg2 Nc6 7. O-O b6 8. Re1
Bb7 9. e5 Nd7 10. Nf1 Qc7 11. Qe2 O-O-O 12. c3 Rdg8 13. d4 g5 14. Be3 h5 15.
Reb1 g4 16. Ne1 Kb8 17. Nc2 Qc8 18. b4 cxd4 19. cxd4 Qf8 20. Bd2 Bg5 21. a4 h4
22. a5 hxg3 23. fxg3 Qh6 24. b5 Ne7 25. Nce3 Bxe3+ 26. Bxe3 Qg6 27. Qa2 Nc8 28.
Rb3 Rh7 29. Ra3 Rgh8 30. axb6 Ndxb6 31. Rxa7 Qd3 32. Ra3 Qg6 33. Rc3 Rh5 34.
Qa3 Rf5 35. Bf4 Qg8 36. Qc5 Qd8 37. Ne3 Rfh5 38. Nxg4 Nc4 39. Rxc4 dxc4 40.
Bxb7 Nb6 41. Bf3 1-0

[Event "Southfield (MEX/2)"]
[Site "?"]
[Date "1982.??.??"]
[Round "?"]
[White "Everett, Morgan"]
[Black "Kavnatsky, V.."]
[Result "0-1"]
[WhiteElo "2050"]
[BlackElo "2255"]
[PlyCount "90"]
[EventDate "1982.??.??"]

1. e4 c5 2. Nf3 d6 3. d4 cxd4 4. Nxd4 Nf6 5. Nc3 Nc6 6. Be2 e6 7. O-O Be7 8.
Be3 Nxd4 9. Qxd4 O-O 10. f4 Nd7 11. Kh1 a6 12. a4 b6 13. Qd2 Bb7 14. Bf3 Qc7
15. Rae1 Rac8 16. Re2 Rfd8 17. Bd4 Bf8 18. Bf2 Be7 19. Bd4 Bf6 20. Bxf6 Nxf6
21. Qe3 Bc6 22. Rd1 b5 23. axb5 axb5 24. Red2 b4 25. Ne2 Qb7 26. Ng3 Ne8 27. h3
Ra8 28. Qd4 Ra5 29. b3 Rda8 30. Kh2 g6 31. Re1 e5 32. Qe3 Kg7 33. f5 h6 34. Rf1
Qa7 35. Qe2 Bb5 36. Qe1 Bxf1 37. Nxf1 Ra1 38. Bd1 Qb7 39. Qe3 Rc8 40. Qf3 Rc3
41. Ne3 Qe7 42. Rd3 Rxd3 43. cxd3 Qg5 44. Nc2 Rc1 45. Nxb4 Qd2 0-1

[Event "East Lansing (MI Op/1)"]
[Site "?"]
[Date "1982.??.??"]
[Round "?"]
[White "DuPuis, P.."]
[Black "Haluska, James"]
[Result "1-0"]
[WhiteElo "2180"]
[BlackElo "1915"]
[PlyCount "55"]
[EventDate "1982.??.??"]

1. e4 e6 2. d4 d5 3. Nc3 Bb4 4. e5 c5 5. a3 Bxc3+ 6. bxc3 Qc7 7. Qg4 f5 8. Qg3
Qf7 9. Nf3 Ne7 10. Ng5 Qg6 11. h4 f4 12. Qxf4 Rf8 13. Qd2 c4 14. h5 Qf5 15. h6
gxh6 16. Rxh6 Nbc6 17. Nxh7 Ng8 18. Nxf8 Nxh6 19. Qxh6 Qxf8 20. Qh5+ Qf7 21.
Be2 b6 22. Bg5 Bb7 23. Kd2 Qxh5 24. Bxh5+ Kd7 25. Rh1 Na5 26. Bf7 Rf8 27. Rh7
Kc6 28. Be7 1-0

[Event "East Lansing (MI Op/3)"]
[Site "?"]
[Date "1982.??.??"]
[Round "?"]
[White "DuPuis, P.."]
[Black "Fischvogt, Eric"]
[Result "1/2-1/2"]
[WhiteElo "2180"]
[BlackElo "2060"]
[PlyCount "91"]
[EventDate "1982.??.??"]

1. e4 e5 2. Nf3 Nc6 3. c3 Nf6 4. d4 Nxe4 5. d5 Ne7 6. Nxe5 Ng6 7. Qd4 Qf6 8.
Qxe4 Qxe5 9. Qxe5+ Nxe5 10. Bf4 Bd6 11. Bg3 O-O 12. Nd2 f5 13. f3 b6 14. O-O-O
Bb7 15. Nc4 Nxc4 16. Bxc4 f4 17. Bf2 a5 18. Bb5 Rf7 19. Rhe1 Kf8 20. Re4 Re8
21. Rxe8+ Kxe8 22. Re1+ Re7 23. c4 Rxe1+ 24. Bxe1 c6 25. dxc6 dxc6 26. Ba4 Kf7
27. Bf2 c5 28. Bd7 g5 29. Kc2 h5 30. h3 Ke7 31. Bf5 Kf6 32. Bh7 Bc7 33. Kd3 Be5
34. b3 Bc8 35. Be4 Bb2 36. Be1 Bd7 37. Bd2 Ke5 38. Kc2 Bd4 39. a3 g4 40. hxg4
hxg4 41. Be1 g3 42. Bd3 Bh3 43. Bf1 Bf5+ 44. Bd3 Bh3 45. Bf1 Bf5+ 46. Bd3
1/2-1/2

[Event "East Lansing (MI Op/5)"]
[Site "?"]
[Date "1982.??.??"]
[Round "?"]
[White "DuPuis, P.."]
[Black "Cooper, T.."]
[Result "1/2-1/2"]
[WhiteElo "2180"]
[BlackElo "2100"]
[PlyCount "65"]
[EventDate "1982.??.??"]

1. e4 d6 2. d4 Nf6 3. Nc3 g6 4. f4 Bg7 5. Nf3 c5 6. dxc5 Qa5 7. Bd3 Qxc5 8. Qe2
O-O 9. Be3 Qa5 10. O-O Bg4 11. h3 Bxf3 12. Qxf3 Nc6 13. a3 Nd7 14. Bd2 Qb6+ 15.
Kh1 Nc5 16. Rab1 Nxd3 17. Qxd3 Qd4 18. Qe2 Qb6 19. Nd5 Qd8 20. Bc3 Bxc3 21.
Nxc3 e6 22. Qd2 h6 23. Rbd1 Qb6 24. f5 Kg7 25. fxe6 fxe6 26. Qxd6 Qxb2 27. Qc5
Rxf1+ 28. Rxf1 Qxc2 29. e5 Rd8 30. Rf6 Qd2 31. Rxe6 Qc1+ 32. Kh2 Qf4+ 33. Kh1
1/2-1/2

[Event "East Lansing (MI Op/7)"]
[Site "?"]
[Date "1982.??.??"]
[Round "?"]
[White "DuPuis, P.."]
[Black "Beider, Andrew"]
[Result "0-1"]
[WhiteElo "2180"]
[BlackElo "2120"]
[PlyCount "106"]
[EventDate "1982.??.??"]

1. c4 Nf6 2. Nc3 d5 3. d4 e6 4. Bg5 Be7 5. e3 O-O 6. Rc1 h6 7. Bh4 b6 8. cxd5
exd5 9. Bd3 Be6 10. Nge2 Nbd7 11. O-O c5 12. Bb1 Re8 13. h3 Nf8 14. Nf4 cxd4
15. exd4 g5 16. Nxe6 Nxe6 17. Bg3 Bd6 18. Be5 Nf4 19. Re1 Rc8 20. Bf5 Rb8 21.
Qf3 Bxe5 22. Rxe5 Rxe5 23. dxe5 Nd7 24. Re1 d4 25. Nd5 Nxd5 26. Qxd5 Nc5 27.
Qc6 Kg7 28. b4 Na6 29. a3 Nc7 30. h4 Qe7 31. hxg5 hxg5 32. Bd3 Ne6 33. Qe4 Rh8
34. g3 a5 35. Qf5 Rh6 36. bxa5 bxa5 37. a4 Qb4 38. Rb1 Qxa4 39. Rb7 Qe8 40. Bb5
Qf8 41. Ra7 Rg6 42. Bc6 d3 43. Ba4 d2 44. Rxa5 Qd8 45. Ra7 d1=Q+ 46. Bxd1 Qxd1+
47. Kg2 Nf4+ 48. gxf4 gxf4+ 49. Qxg6+ Kxg6 50. Ra3 Qg4+ 51. Kf1 f3 52. Ra6+ Kg7
53. Rc6 Qg2+ 0-1